| 000 | 00489nam a2200121Ia 4500 | ||
|---|---|---|---|
| 008 | 220620s9999||||xx |||||||||||||| ||und|| | ||
| 100 | _aCallison, Candis | ||
| 245 | 0 |
_aHow Climate Change Comes to Matter _bThe Communal Life of Facts |
|
| 546 | _aEnglish[eng] | ||
| 650 | _aSocial Science||Media Studies||Science||Environmental Science||Social Science||Anthropology||Cultural & Social | ||
| 856 | _uhttps://library.oapen.org/bitstream/20.500.12657/52902/1/external_content.pdf | ||
| 942 | _cEB | ||
| 999 |
_c31341 _d31341 |
||